000 00219nam a22000857a 4500
008 170215b xxu||||| |||| 00| 0 eng d
100 _92879
_aCBSE
245 _aS.A. S.Q.P. 2010-2011 English-X
260 _aNew Delhi
_bCBSE
_c2010
999 _c6106
_d6106